Վկայաբանութիւն Սրբոյն Սանդխտոյ : (Record no. 531244)
[ view plain ]
| 000 -LEADER | |
|---|---|
| fixed length control field | 00913nam a2200217 a 4500 |
| 001 - CONTROL NUMBER | |
| control field | 000619936 |
| 003 - CONTROL NUMBER IDENTIFIER | |
| control field | AM-YEHGA |
| 005 - DATE AND TIME OF LATEST TRANSACTION | |
| control field | 20250618080150.0 |
| 008 - FIXED-LENGTH DATA ELEMENTS--GENERAL INFORMATION | |
| fixed length control field | 081215s1847 ii |||||||||||||||0|arm|d |
| 040 ## - CATALOGING SOURCE | |
| Original cataloging agency | AM-YeHGA |
| 041 0# - LANGUAGE CODE | |
| Language code of text/sound track or separate title | arm |
| 090 ## - LOCALLY ASSIGNED LC-TYPE CALL NUMBER (OCLC); LOCAL CALL NUMBER (RLIN) | |
| -- | 570004 |
| 245 00 - TITLE STATEMENT | |
| Title | Վկայաբանութիւն Սրբոյն Սանդխտոյ : |
| Remainder of title | Ի պէտս աշակերտաց Սուրբ Սանդուխտ դպրոցի / |
| 260 ## - PUBLICATION, DISTRIBUTION, ETC. | |
| Place of publication, distribution, etc. | Կալկաթա : |
| Name of publisher, distributor, etc. | տպ. Արարատեան ընկերութեան, |
| Date of publication, distribution, etc. | 1847. |
| 300 ## - PHYSICAL DESCRIPTION | |
| Extent | 10 էջ ; |
| Dimensions | 17 սմ. |
| 500 ## - GENERAL NOTE | |
| General note | Շարվ.՝ 6,2 x 12 սմ |
| 500 ## - GENERAL NOTE | |
| General note | Գրքույկում հեղինակի անունը չկա : Բանասիրական աղբյուրներից հայտնի է, որ Մեսրոպ Թաղիադյանի աշխատությունն է : |
| 650 14 - SUBJECT ADDED ENTRY--TOPICAL TERM | |
| Topical term or geographic name entry element | Հայոց եկեղեցի |
| 650 14 - SUBJECT ADDED ENTRY--TOPICAL TERM | |
| Topical term or geographic name entry element | Հայ եկեղեցու գործիչներ |
| 9 (RLIN) | 4735 |
| 942 ## - ADDED ENTRY ELEMENTS (KOHA) | |
| Source of classification or shelving scheme | Universal Decimal Classification |
| Koha item type | Գրքեր / Books |
| Withdrawn status | Lost status | Source of classification or shelving scheme | Damaged status | Not for loan | Collection | Home library | Current library | Date acquired | Total checkouts | Full call number | Barcode | Date last seen | Price effective from | Koha item type | Public note |
|---|---|---|---|---|---|---|---|---|---|---|---|---|---|---|---|
| Universal Decimal Classification | Edgaryan Individual Collection | Fundamental Scientific Library | Fundamental Scientific Library | 27/09/2024 | Էդգ/83 | FL0685973 | 27/09/2024 | 27/09/2024 | Գրքեր / Books | ILL Non-Circ. |
ՀՀ Գիտությունների ազգային ակադեմիայի հիմնարար գիտական գրադարան = Fundamental Scientific Library of NAS RA
All site content, except where otherwise noted, is licensed under a